Ratix: las ventajas comparativas de conversar sobre lo obvio
Guardat en:
| Autor principal: | |
|---|---|
| Format: | Llibre |
| Idioma: | espanyol |
| Publicat: |
Santiago
Grijalbo
2001
|
| Matèries: | |
| Etiquetes: |
Afegir etiqueta
Sense etiquetes, Sigues el primer a etiquetar aquest registre!
|
MARC
| LEADER | 00000nam a2200000 a 4500 | ||
|---|---|---|---|
| 001 | UCK7691 | ||
| 003 | CL-VaPUC | ||
| 008 | 051202e20010000CL |||||||||||||||||spa|d | ||
| 020 | |a 9562581225 | ||
| 082 | 0 | 4 | |a 658.4 |b JOH |2 21 |
| 100 | |a Johansen Bertoglio, Oscar |e author |9 590862 | ||
| 245 | 1 | 0 | |a Ratix: las ventajas comparativas de conversar sobre lo obvio |
| 300 | |a 186 p | ||
| 942 | |c BK | ||
| 945 | |d 20051202 00:00:00 |a jtorresc | ||
| 260 | |a Santiago |b Grijalbo |c 2001 | ||
| 650 | 0 | |a Planificación estratégica |9 259735 | |
| 650 | 0 | |a Administración de empresas |9 260833 | |
| 650 | 0 | |a Organización |9 256369 | |
| 583 | |a last modification |c 20051202 00:00:00 |k Rodrigo Vera | ||
| 999 | |c 315542 |d 315540 | ||
| 952 | |0 0 |1 0 |4 0 |6 658_400000000000000_JOH_2001 |7 0 |8 A |9 388887 |a BIBEDU |b BIBEDU |d 2019-11-22 |i 4187423 |o 658.4 JOH 2001 |p 4187423 |r 2019-11-22 |w 2019-11-22 |y BK |k EBA | ||